000 00782nam a2200205Ia 4500
020 _a9251037434
040 _cDJB
082 _a597 FAO 1996 C146 Or.
100 1 _aRainboth, Walter J
245 1 0 _aFishes of the Cambodian Mekong /
246 1 _aFAO species identification field guide for fishery purposes
260 _aRome :
_bFood and Agriculture Organization of the United Nations, /
_c1996
300 _axi, 265 p., xxvii p. of plates :
_bill. (some col.) ;
_c24 cm
500 _a"Mekong River Commission; Food and Agriculture Organization of the United Nations; Danish International Development Assistance"--Cover
650 0 _aFishes
650 0 _aFishes
650 0 _aFisheries
710 2 _aFood and Agriculture Organization of the United Nations
942 _cAEDBB
999 _c18491
_d18491